01167 a2200265 45000010006000000050017000060080041000230030015000640400040000790800044001192450080001630200022002432640109002653000018003745050123003921000022005157000020005377000019005577000019005767000087005957000058006826500019007408560121007596500021008802452720260407155529.0260407a2007 arg spa dAR-UNSa-BCEJYS aAR-UNSa-BCEJYSbspacAR-UNSa-BCEJYS a657.6:004xAuditoría en Informática10aInforme Nº 15, Área AuditoríapAuditoría en Ambientes computarizados a978-987-1346-02-8 1aBuenos Aires :bFACPCE (Federación Argentina de Consejos Profesionales de Ciencias Económicas)c2007 a64 p.c22 cm. a1. Introducción - 2. El ambiente de riesgos y controles - 3. Actividades de auditoria de sistemas - 4. Conclusión.1 aCansler, Leopoldo1 aElissondo, Luis1 aGodoy, Luis A.1 aRivas, Ricardo1 aFederación Argentina de Consejos Profesionales de Ciencias Económicas (FACPCE)1 aCentro de Estudios Científicos y Técnicos (CECYT) aInforme Nº 1541uhttps://biblioeco.unsa.edu.ar/pmb/images/libros/Informe 15 area auditoria-l118593.jpgyImagen de portadaqimage/jpeg a informe nº 15